000 00996nam a2200265 i 4500
001 98602
003 ES-MaACL
005 20240511063029.0
007 t|
008 051013s1905 sp |||| | spa d
040 _cES-MaACL
080 _a338.1(620)
080 _a94(620)"1882/1936"
100 1 _aMoret, Segismundo,
_d1833-1913
_9162747
_eaut
245 1 3 _aLa transformación de Egipto :
_bconferencia pronunciada en el Ateneo de Madrid la noche del 16 de mayo de 1905 /
_cpor Segismundo Moret y Prendergast, presidente del Ateneo.
260 _aMadrid :
_b[s.n.],
_c1905
_f(Imp. a cargo de Eduardo Arias)
300 _a44 páginas ;
_c24 cm.
610 2 4 _aAteneo de Madrid-
_vConferencias-
_y1900-1939
_91907
650 4 _aDesarrollo económico-
_zEgipto.
_911799
651 4 _aEgipto-
_xHistoria-
_y1882-1936, Ocupación británica.
_9174877
852 4 _aES-MaACL
_cDEPOF
_j2197-F-13
942 _cFOLLETOS
_n0
999 _c98602
_d98602